Schaum's outline of theory and problems of numerical analysis

Đã lưu trong:
Bibliografiske detaljer
Hovedforfatter: Francis Scheid
Format: Bog
Sprog:Undetermined
Udgivet: New York McGraw-Hill 1988
Fag:
Tags: Tilføj Tag
Ingen Tags, Vær først til at tagge denne postø!
Thư viện lưu trữ: Trung tâm Học liệu Trường Đại học Cần Thơ
LEADER 00541nam a2200193Ia 4500
001 CTU_52185
008 210402s9999 xx 000 0 und d
020 |b 107000 
082 |a 519.4 
082 |b S318 
100 |a Francis Scheid 
245 0 |a Schaum's outline of theory and problems of numerical analysis 
245 0 |c Francis Scheid 
260 |a New York 
260 |b McGraw-Hill 
260 |c 1988 
650 |a numerical analysis 
650 |x problems, exercises, etc. 
980 |a Trung tâm Học liệu Trường Đại học Cần Thơ